Historia universal del hombre /

Guardado en:
Autor Principal: Kahler, Erich
Formato: Libro
Publicado: Argentina : Fondo de cultura econ¢mica, 1965
Edición:4a. ed.
Materias:
Etiquetas: Agregar Etiqueta
Sin Etiquetas, Sea el primero en etiquetar este registro!
LEADER 01346nam a22003255a 4500
001 CEM.cems003540
005 19000101000000.0
008 130507s1965##################000#0#####d
003 CEMS
082 0 4 |a 901 
100 1 |a Kahler, Erich 
245 1 0 |a Historia universal del hombre /  |c Erich Kahler 
250 |a 4a. ed. 
260 |a Argentina :  |b Fondo de cultura econ¢mica,  |c 1965 
300 |a 608 p. 
653 |a Historia 
653 |a Historia de la civilizacion 
653 |a Historia universal 
859 |a CEMS  |b BIB. CEMS - 11 de abril  |h 901  |i K124  |p 1481.74  |t Ej.5 
859 |a CEMS  |b BIB. CEMS - 11 de abril  |h 901  |i K124  |p 1482.74  |t Ej.6 
859 |a CEMS  |b BIB. CEMS - 11 de abril  |h 901  |i K124  |p 1483.74  |t Ej.7 
859 |a CEMS  |b BIB. CEMS - 11 de abril  |h 901  |i K124  |p 1484.74  |t Ej.8 
859 |a CEMS  |b BIB. CEMS - 11 de abril  |h 901  |i K124  |p 1485.74  |t Ej.4 
859 |a CEMS  |b BIB. CEMS - 11 de abril  |h 901  |i K124  |p 1486.74  |t Ej.3 
859 |a CEMS  |b BIB. CEMS - 11 de abril  |h 901  |i K124  |p 1487.74  |t Ej.2 
859 |a CEMS  |b BIB. CEMS - 11 de abril  |h 901  |i K124  |p 1488.74  |t Ej.1 
859 |a CEMS  |b BIB. CEMS - 11 de abril  |h 901  |i K124  |p 1489.74  |t Ej.9 
859 |a CEMS  |b BIB. CEMS - 11 de abril  |h 901  |i K124  |p 1490.74  |t Ej.10 
859 |a CEMS  |b BIB. CEMS - 11 de abril  |h 901  |i K124  |p 1491.74  |t Ej.11 
859 |a CEMS  |b BIB. CEMS - 11 de abril  |h 901  |i K124  |p 1492.74  |t Ej.12